000
00497nam a2200169Ia 4500
008
090711s9999 xx 000 0 und d
082
_b
40548
100
_a
आठल्ये अ. त्र्यं.
245
_a
सुप्रभात
260
_c
1979
300
_a
153
600
_a
आठल्ये अ. त्र्यं.
630
_a
सुप्रभात
700
_a
आठल्ये अ. त्र्यं.
730
_a
सुप्रभात
942
_c
BOOK
999
_c
293704
_d
293704